لم أكن أعلم أن الناس يطاردون الأعاصير / (رقم التسجيلة. 20604)

تفاصيل مارك
000 -LEADER
fixed length control field 00701nam a22002177a 4500
005 - DATE AND TIME OF LATEST TRANSACTION
control field 20251108165034.0
008 - FIXED-LENGTH DATA ELEMENTS--GENERAL INFORMATION
fixed length control field 250721s2002 xx 000 0 ara d
020 ## - INTERNATIONAL STANDARD BOOK NUMBER
International Standard Book Number 9953160791
082 14 - DEWEY DECIMAL CLASSIFICATION NUMBER
Classification number ط/551.55/بيت
100 1# - MAIN ENTRY--PERSONAL NAME
Personal name بيتي، كات
Relator term مؤلف
245 10 - TITLE STATEMENT
Title لم أكن أعلم أن الناس يطاردون الأعاصير /
264 1# - PRODUCTION, PUBLICATION, DISTRIBUTION, MANUFACTURE, AND COPYRIGHT NOTICE
Place of production, publication, distribution, manufacture بيروت :
Name of producer, publisher, distributor, manufacturer دار المجاني،
Date of production, publication, distribution, manufacture, or copyright notice 2002.
300 ## - PHYSICAL DESCRIPTION
Extent 31ص..
490 0# - SERIES STATEMENT
Series statement لم أكن أعلم أن
650 17 - SUBJECT ADDED ENTRY--TOPICAL TERM
Topical term or geographic name as entry element الاعاصير
650 17 - SUBJECT ADDED ENTRY--TOPICAL TERM
Topical term or geographic name as entry element العواصف المداريه
653 ## - INDEX TERM--UNCONTROLLED
Uncontrolled term ناشاون صغار (10-14) سنه
700 1# - ADDED ENTRY--PERSONAL NAME
Personal name عيسى، ديانا ابي عبود
Relator term مترجم
942 ## - ADDED ENTRY ELEMENTS (KOHA)
Source of classification or shelving scheme Dewey Decimal Classification
Koha item type كتب
المقتنيات
حالة السحب حالة الفقدان مصدر التصنيف حالة التلف غير قابل للإعارة المكتبة الرئيسية المكتبة الحالية موقع الرف تاريخ التزويد الرقم المتسلسل Total Checkouts رقم الإستدعاء الباركود تاريخ آخر ظهور تاريخ الفاتورة نوع المادة (كوها)
    Dewey Decimal Classification     المكتبة المركزية المكتبة المركزية مقتنيات قسم التزويد 28/07/2025 1276054   ط/551.55/بيت PLD00085928 28/07/2025 28/07/2025 كتب
    Dewey Decimal Classification     مكتبة مؤتة مكتبة مؤتة الأطفال 11/05/2009 1276057   ط/551.55/بيت PLD00088221 28/07/2025 11/05/2009 كتب
    Dewey Decimal Classification     مكتبة وادي السير العامة مكتبة وادي السير العامة الأطفال 11/05/2009 1276058   ط/551.55/بيت PLD00088220 28/07/2025 11/05/2009 كتب
    Dewey Decimal Classification     مكتبة ومركز فرح مكتبة ومركز فرح الأطفال 11/05/2009 1276055   ط/551.55/بيت PLD00088223 28/07/2025 11/05/2009 كتب
Implemented & Customized by: BBB with SCIT (Smart Chains for Information Technology)

Powered by Koha